02512nam a2200361 a 4500001001500000005001700015008004100032020003600073020003000109040000600139050001100145082001200156245013600168250001200304260003200316300002100348490004200369520123600411650001701647650002801664650003301692650003301725650003001758650003301788700002301821700002001844700002101864830004201885856008201927942001202009999001702021952011202038ASIN041563841020170105102904.0131021s2012 xxu eng d a0415638410 (hardcover)c$135.00 a9780415638418 (hardcover) a004aHV643104a363.32510aLessons and legacies of the war on terror :bfrom moral panic to permanent war /cGershon Shafir, Everard Meade, William J. Aceves. a1st ed. a[S.l.] :bRoutledge,c2012. a200 p. ;c24 cm.1 aRoutledge critical terrorism studies. aThis volume examines the lessons and legacies of the U.S.-led "Global War on Terror," utilizing the framework of a political "moral panic." A decade after 9/11, it is increasingly difficult to deny that terror has prevailed – not as a specific enemy, but as a way of life. Transport, trade, and communications are repeatedly threatened and disrupted worldwide. While the pace and intensity of terror attacks have abated, many of the temporary security measures and sacrifices of liberty adopted in their immediate aftermath have become more or less permanent. This book examines the social, cultural, and political drivers of the war on terror through the framework of a "political moral panic": the exploration of threats to particular individuals or institutions that come to be viewed as threats to a way of life, social norms and values, civilization, and even morality itself. Drawing upon a wide range of domestic and international case studies, this volume reinforces the need for reason, empathy, and a dogged defence of principle in the face of terror. This book will be of much interest to students of terrorism studies, human rights, U.S. foreign policy, American politics, and Security Studies and I.R. in general.   0aHuman rights 0aSecurity, International 0aTerrorism--Political aspects 0aTerrorism--Religious aspects 0aTerrorism--Social aspects 0aWar on Terrorism (2001-2009)1 aAceves, William J.1 aMeade, Everard.1 aShafir, Gershon. 0aRoutledge critical terrorism studies.403Amazon.comuhttp://www.amazon.com/exec/obidos/ASIN/0415638410/chopaconline-20 2ddccBK c14772d14772 001040708NFICaCIPSbCIPScGENd2013-10-01l0o363.325 LES 2013pCIPS0001359r2013-10-21w2013-10-21yBK